000 00801cam a2200229 a 4500
001 000002371
003 DO-SdBNP
005 20250409141720.0
008 760414s1971 ve 000 0 spa
040 _aDO-SdBNP
_bspa
_cBNPHU
082 _a398.209801
_bG216c
100 1 _aGarcía, Argimiro
_97541
245 1 0 _aCuentos y tradiciones de los indios guaraúnos /
_cMonseñor Argimiro García.
260 _aCaracas :
_bUniversidad Católica Andrés Bello. Seminario de Lenguas Indígenas,
_c1971.
300 _a277 p. ;
_c23 cm.
490 1 _aLenguas indígenas de Venezuela
_v6
650 4 _aLiteratura indígena
_97542
650 4 _aFolclore indígena
_91854
650 4 _aIndígenas de américa del sur
_xFolclore
_97543
830 0 _aLenguas indígenas de Venezuela
_n6
_97544
942 _2ddc
_cLBS1
999 _c2212
_d2212